|
|
|
|
| LEADER |
01039cam a2200277 7i4500 |
| 001 |
0000036047 |
| 005 |
20190710090000.0 |
| 007 |
##ta |
| 008 |
190710s2012 my |
| 020 |
# |
# |
|a 9780814416877
|
| 040 |
# |
# |
|a MATR
|
| 090 |
0 |
0 |
|a B 658.407124
|b MIC
|
| 245 |
0 |
0 |
|a Becoming an Exceptional executive Coach :
|b USE YOUR KNOWLEDGE, EXPERIENCE AND INTUITION TO HELP LEADERS EXCEL
|c Michael H. Frisch [and others].
|
| 264 |
# |
4 |
|a ♭.
|
| 264 |
# |
1 |
|a New York:
|b American Management Association,
|c 2012.
|
| 300 |
# |
# |
|a vi, 282 pages:
|b illustrations;
|c 23 cm.
|
| 336 |
# |
# |
|a text
|2 rdacontent
|
| 337 |
# |
# |
|a unmediated
|2 rdamedia
|
| 338 |
# |
# |
|a volume
|2 rdacarrier
|
| 504 |
# |
# |
|a Includes bibliographical references and index
|
| 650 |
2 |
0 |
|a Business & Economics --
|x Organizational Development
|
| 650 |
2 |
0 |
|a Business & Economics --
|x Leadership
|
| 650 |
2 |
0 |
|a Business & Economics --
|x Corporate governance
|
| 650 |
2 |
0 |
|a Business & Economics --
|x Workplace culture
|
| 650 |
1 |
0 |
|a Executive coaching
|
| 999 |
|
|
|a 0000036830
|b Book
|c Book
|e Business Information Centre
|